| 000 | 00805nam a2200277Ia 4500 | ||
|---|---|---|---|
| 003 | OSt | ||
| 005 | 20220928131228.0 | ||
| 006 | a|||||r|||| 00| 0 | ||
| 007 | ta | ||
| 008 | 220927b |||||||| |||| 00| 0 eng d | ||
| 024 | _a47579 | ||
| 037 | _cTextual | ||
| 040 |
_aSDCL _cSDCL _beng |
||
| 041 |
_2eng _aeng |
||
| 082 | _aX9(L):78.73'P, P7 | ||
| 100 |
_aFlynn Walter J _9477494 |
||
| 245 | 0 | _aHealthcare human resource management | |
| 250 | _a2 | ||
| 260 |
_aAustralia _bThomson _c2007 |
||
| 300 |
_axxiv,360p _ccm. |
||
| 650 |
_aHuman Resources Health Industry _9477495 |
||
| 700 |
_a Jackson John H _9418339 |
||
| 700 |
_a Mathis Robert L _9418338 |
||
| 942 |
_hX9(L):78.73'P, P7 _cTEXL _2CC |
||
| 999 |
_c789998 _d789998 |
||